02298nam a2200397Ia 450000500170000000800390001702000260005602000260008202200140010804000560012204100080017811100630018624501100024924600700035925000100042926000650043930000420050450501010054650501030064750501020075065000790085265000690093165000710100065000700107165000600114165000630120165000200126465000610128465000690134565000790141465000630149365000590155670000440161571001240165971001170178320180312143023.0130821s2009 ck ad gr spa a9789588378879 (3a ed) a9789589378220 (2a Ed) a2382-4069 aCO-BoUCMbspacJose A. Gerena (modificó)d[Nuevo]00aspa1 aEncuentro de investigación en la Universidad del Rosario00aEncuentro de investigación en la Universidad del RosariocMaría Andrea Contreras, editora académica23aEncuentro Bienal de Investigación en la Universidad del Rosario a4a ed aBogotá (Colombia)bEditorial Universidad del Rosarioc2014 a431 páginasbilustraciones, cuadros g2a Ed.tII Encuentro de investigación en la Universidad del Rosario, 10 al 12 de Mayo de 2006. g3a Ed.rIII Encuentro de investigación en la Universidad del Rosario, 6 al 8 de Octubre de 2008. g4a Ed.tEncuentro de investigación en la Universidad del Rosario, 21-23 de Octubre de 2013. N.4 7aAdministración públicaxInvestigacionesvCongresos, conferencias, etc. 7aAdministraciónxInvestigacionesvCongresos, conferencias, etc. 7aCiencia políticaxInvestigacionesvCongresos, conferencias, etc. 7aCiencias socialesxInvestigacionesvCongresos, conferencias, etc. 7aDerechoxInvestigacionesvCongresos, conferencias, etc. 7aEconomíaxInvestigacionesvCongresos, conferencias, etc. 7aInvestigación 7aMedicinaxInvestigacionesvCongresos, conferencias, etc. 7aRehabilitaciónxInvestigacionesvCongresos, conferencias, etc. 7aRelaciones internacionalesxInvestigacionesvCongresos, conferencias, etc. 7aReligiónxInvestigacionesvCongresos, conferencias, etc. 7aUniversidadeszColombiavCongresos, conferencias, etc.1 aContreras Nieto, María Andreaeeditor1 aUniversidad Colegio Mayor de Nuestra Señora del RosariobCentro de Gestión del Conocimiento y la Innovación. CGCI1 aUniversidad Colegio Mayor de Nuestra Señora del RosariobDepartamento de Planeación y Desarrollo Académico